书目信息 |
| 题名: |
知识经济纵横谈
|
|
| 作者: | 路甬祥 , 汪继祥 主编 | |
| 分册: | ||
| 出版信息: | 北京 科学出版社 1998.9 |
|
| 页数: | 300页 | |
| 开本: | 20cm | |
| 丛书名: | ||
| 单 册: | ||
| 中图分类: | F062.3 | |
| 科图分类: | ||
| 主题词: | 经济学--分支科学 | |
| 电子资源: | ||
| ISBN: | 7-03-006912-9 | |
| 000 | 00603nam0 2200205 45 | |
| 001 | 0104021036 | |
| 005 | 20040421104254.7 | |
| 010 | @a7-03-006912-9@dCNY16.00 | |
| 100 | @a20010402d1998 km y0chiy0120 ea | |
| 101 | 0 | @achi |
| 105 | @a z 000yy | |
| 200 | 1 | @a知识经济纵横谈@AZhi Shi Jing Ji Zong Heng Tan@f路甬祥,汪继祥主编@FLu Yong Xiang,Wang Ji Xiang Zhu Bian |
| 210 | @a北京@c科学出版社@d1998.9 | |
| 215 | @a300页@d20cm | |
| 606 | 0 | @a经济学@x分支科学 |
| 690 | @aF062.3@v1 | |
| 701 | 0 | @a路甬祥@4主编 |
| 701 | 0 | @a汪继祥@4主编 |
| 801 | @aCN@bTSTC@c20010402 | |
| 905 | @dF062.3@e10@f3@b296113-115 | |
| 知识经济纵横谈/路甬祥,汪继祥主编.-北京:科学出版社,1998.9 |
| 300页;20cm |
| ISBN 7-03-006912-9:CNY16.00 |
| ● |
| 相关链接 |
|
|
|
|
正题名:知识经济纵横谈
索取号:F062.3/10
 
预约/预借
| 序号 | 登录号 | 条形码 | 馆藏地/架位号 | 状态 | 备注 |
| 1 | 0296113 | 002961138 | 第一借阅区/ [索取号:F062.3/10] | 在馆 | |
| 2 | 0296114 | 002961147 | 第一借阅区/ [索取号:F062.3/10] | 在馆 | |
| 3 | 0296115 | 002961156 | 第一借阅区/ [索取号:F062.3/10] | 在馆 | |
| 4 | 0296116 | 002961165 | 第一借阅区/ [索取号:F062.3/10] | 在馆 | |
| 5 | 0296117 | 002961174 | 第一样本阅览室/ [索取号:F062.3/10] | 在馆 |